000170097 001__ 170097
000170097 005__ 20260318155254.0
000170097 0247_ $$2doi$$a10.20960/nh.388
000170097 0248_ $$2sideral$$a148539
000170097 037__ $$aART-2016-148539
000170097 041__ $$aspa
000170097 100__ $$0(orcid)0000-0002-2865-5813$$aArriba Muñoz, Antonio de$$uUniversidad de Zaragoza
000170097 245__ $$aValores de normalidad de índice de masa corporal y perímetro abdominal en población española desde el nacimiento a los 28 años de edad
000170097 260__ $$c2016
000170097 5060_ $$aAccess copy available to the general public$$fUnrestricted
000170097 5203_ $$aIntroducción: saber diagnosticar y tratar la obesidad se ha convertido en el mayor reto del siglo XXI, debido al aumento de su prevalencia. Objetivos: determinar los valores de normalidad de perímetro abdominal (PA) e índice de masa corporal (IMC) según edad y sexo en población española sana. Métodos: estudio longitudinal observacional realizado entre 1980 y 2014. Se incluyeron 165 niños y 169 niñas recién nacidas, recogiendo datos de forma anual hasta los 18 años (74 varones y 92 mujeres), y posteriormente a los 28 años (42 varones y 45 mujeres). Se realizó medición de peso, longitud/talla y perímetro abdominal. Se calcularon los percentiles (P3, P10, P25, P50, P75, P90, P97) de IMC y PA según edad y sexo.Resultados: se presentan datos evolutivos de IMC y PA durante la infancia, destacando cómo aumentan los valores entre los 18 y 28 años de los percentiles superiores al p50, sobre todo en mujeres. Existe una correlación positiva en relación al PA entre el valor obtenido a los 3 años con el valor de los 18 años y de los 28 años tanto en varones (r = 0,722 y r = 0,605, p = 0,000, respectivamente) como en mujeres(r = 0,922, r = 0,857, p = 0,000, respectivamente). Y entre los 18 y 28 años (r = 0,731, p = 0,000 para varones y r = 0,961, p = 0,000 para mujeres).Conclusión: se presentan valores de normalidad de PA e IMC según edad y sexo, que podrán utilizarse como herramienta de referencia para identificar a personas con riesgo de desarrollar enfermedades cardiovasculares o diabetes.
000170097 540__ $$9info:eu-repo/semantics/openAccess$$aby-nc-sa$$uhttps://creativecommons.org/licenses/by-nc-sa/4.0/deed.es
000170097 590__ $$a0.747$$b2016
000170097 591__ $$aNUTRITION & DIETETICS$$b68 / 80 = 0.85$$c2016$$dQ4$$eT3
000170097 592__ $$a0.4$$b2016
000170097 593__ $$aNutrition and Dietetics$$c2016$$dQ3
000170097 593__ $$aMedicine (miscellaneous)$$c2016$$dQ3
000170097 655_4 $$ainfo:eu-repo/semantics/article$$vinfo:eu-repo/semantics/publishedVersion
000170097 700__ $$aLópez Úbeda, Marta
000170097 700__ $$aRueda Caballero, Carmen
000170097 700__ $$0(orcid)0000-0003-2832-2266$$aLabarta Aizpun, José Ignacio$$uUniversidad de Zaragoza
000170097 700__ $$aFerrández Longás, Ángel
000170097 7102_ $$11006$$2245$$aUniversidad de Zaragoza$$bDpto. Fisiatría y Enfermería$$cÁrea Educación Física y Depor.
000170097 7102_ $$11010$$2670$$aUniversidad de Zaragoza$$bDpto. Pediatría Radiol.Med.Fís$$cÁrea Pediatría
000170097 773__ $$g33, 4 (2016), 887-893$$pNutr. hosp.$$tNutricion Hospitalaria$$x0212-1611
000170097 8564_ $$s1289269$$uhttps://zaguan.unizar.es/record/170097/files/texto_completo.pdf$$yVersión publicada
000170097 8564_ $$s2169003$$uhttps://zaguan.unizar.es/record/170097/files/texto_completo.jpg?subformat=icon$$xicon$$yVersión publicada
000170097 909CO $$ooai:zaguan.unizar.es:170097$$particulos$$pdriver
000170097 951__ $$a2026-03-18-13:52:13
000170097 980__ $$aARTICLE